G2-京沪高速公路途径行政区 - Statistics

General Stats
  • This quiz has been taken 32 times
  • The average score is 15 of 18
Answer Stats
Answer % Correct
北京
100%
廊坊
100%
天津
96%
德州
93%
济南
93%
沧州
89%
苏州
86%
上海
86%
徐州
82%
无锡
82%
宿迁
79%
淮安
79%
扬州
79%
泰州
79%
临沂
71%
济南
64%
泰安
64%
德州
57%
No matching quizzes found
Score Distribution
Percent of People with Each Score
Percentile by Number Answered
Your Score History
You have not taken this quiz